000 00861nam a2200301Ia 4500
003 OSt
005 20220912145324.0
006 a|||||r|||| 00| 0
007 ta
008 220909b |||||||| |||| 00| 0 eng d
020 _a8174092161 (pbk)
024 _a77768
037 _b1761, 08/03/2007, Unilib Book Distributors
037 _cTextual
040 _aCSL
_beng
_cCSL
041 _aeng
082 _aD5, P6 TD
100 _aGiri N K
245 0 _aAutomobile mechanics
250 _a8
260 _aDelhi
_bKhanna Publishers
_c2006
300 _axx,1015p.
_ccm.
500 _aAppendix I-III 977-983p; Glossary 984-1004p; Index 1005-1015p
650 _a Automobile mechanics
650 _aGeneralia
942 _hD5, P6 TD
_cTEXL
_2CC
999 _c28928
_d28928